[Event "CAN-ch U10"]
[Site "Richmond Hill"]
[Date "2011.07.08"]
[Round "6"]
[White "Gugel, Brett"]
[Black "Tang, David"]
[Result "1-0"]
[WhiteElo "1443"]
[BlackElo "1205"]
[PlyCount "91"]
[EventDate "2011.07.06"]
[EventType "swiss"]
[EventRounds "7"]
[EventCountry "CAN"]
[SourceTitle "EXT 2022"]
[Source "ChessBase"]
[SourceDate "2021.10.06"]
[SourceVersion "1"]
[SourceVersionDate "2021.10.06"]
[SourceQuality "1"]

1. e4 c5 2. Nf3 d6 3. d4 cxd4 4. Nxd4 Nf6 5. Nc3 g6 6. f3 Bg7 7. Be3 Nbd7 8. Bb5 a6 9. Ba4 0-0 10. Qd2 Re8 11. 0-0-0 e6 12. g4 Re7 13. h4 Nc5 14. h5 Qa5 15. Nb3 Nxb3+ 16. Bxb3 Ne8 17. Bd4 e5 18. Be3 Be6 19. Bxe6 Rxe6 20. Bh6 Bh8 21. Qh2 f5 22. gxf5 gxf5 23. Qg3+ Kf7 24. Qg5 Nf6 25. exf5 Ree8 26. Rxd6 Rg8 27. Qe3 Ne8 28. Rd7+ Kf6 29. Qe4 Qc5 30. Nd5+ Qxd5 31. Qxd5 Kxf5 32. Rf7+ Nf6 33. Re1 Rae8 34. Qe4+ Ke6 35. Qxe5+ Kxf7 36. Qc7+ Nd7 37. Qxd7+ Kf6 38. Rxe8 Rxe8 39. Qxe8 Kf5 40. Kd2 Bxb2 41. Ke3 Be5 42. f4 Bxf4+ 43. Bxf4 b5 44. Qe5+ Kg4 45. Qg5+ Kh3 46. Qg3# 1-0

[Event "CAN-ch U10"]
[Site "Richmond Hill"]
[Date "2011.07.08"]
[Round "7"]
[White "Tang, David"]
[Black "Sheynzon, Ariel"]
[Result "1-0"]
[WhiteElo "1205"]
[BlackElo "1017"]
[PlyCount "177"]
[EventDate "2011.07.06"]
[EventType "swiss"]
[EventRounds "7"]
[EventCountry "CAN"]
[SourceTitle "EXT 2022"]
[Source "ChessBase"]
[SourceDate "2021.10.06"]
[SourceVersion "1"]
[SourceVersionDate "2021.10.06"]
[SourceQuality "1"]

1. e4 c5 2. Nf3 d6 3. d4 cxd4 4. Nxd4 Nf6 5. Nc3 e6 6. Bb5+ Bd7 7. Bxd7+ Nbxd7 8. Be3 Be7 9. Qd2 0-0 10. 0-0-0 Nc5 11. f3 e5 12. Nf5 Qd7 13. Nxe7+ Qxe7 14. Qxd6 Qxd6 15. Rxd6 b6 16. Bxc5 bxc5 17. Rc6 Rac8 18. Rxc8 Rxc8 19. Rd1 h6 20. Nd5 Kh7 21. Nxf6+ gxf6 22. Rd7 Kg6 23. Rxa7 c4 24. Ra3 f5 25. Re3 f4 26. Rc3 Ra8 27. a3 Ra4 28. Kb1 Kg5 29. Ka2 f6 30. b4 cxb3+ 31. cxb3 Rd4 32. Rc2 Kg6 33. Kb2 Rd8 34. g4 fxg3 35. hxg3 Rd3 36. Rc3 Rd2+ 37. Kc1 Rg2 38. g4 h5 39. gxh5+ Kxh5 40. a4 Rg1+ 41. Kd2 Rg2+ 42. Ke1 Rg1+ 43. Kf2 Ra1 44. Kg3 Rg1+ 45. Kf2 Ra1 46. Ke2 Ra2+ 47. Kd1 Ra1+ 48. Kd2 Ra2+ 49. Rc2 Ra3 50. Rc3 Ra1 51. Rc2 Ra3 52. Kc3 Ra1 53. Kb4 Rf1 54. Rc3 Kg5 55. a5 Rd1 56. Kb5 Rd8 57. a6 Ra8 58. Kb6 Rh8 59. Kb7 Rh7+ 60. Rc7 Rh8 61. a7 Kf4 62. a8Q Rxa8 63. Kxa8 Kxf3 64. Rf7 Kxe4 65. Rxf6 Kd4 66. b4 Kc4 67. Re6 Kxb4 68. Rxe5 Kc4 69. Kb7 Kd4 70. Re8 Kd5 71. Kc7 Kc5 72. Rd8 Kc4 73. Kc6 Kb4 74. Rd4+ Kc3 75. Kc5 Kc2 76. Kc4 Kb2 77. Rd3 Kc2 78. Kd4 Kc1 79. Kc3 Kb1 80. Rd2 Kc1 81. Rh2 Kd1 82. Kd3 Kc1 83. Rd2 Kb1 84. Kc3 Kc1 85. Kd3 Kb1 86. Rc2 Ka1 87. Kc3 Kb1 88. Kb3 Ka1 89. Rc1# 1-0

[Event "CAN-ch U10"]
[Site "Richmond Hill"]
[Date "2011.07.08"]
[Round "5"]
[White "Wu, Mark"]
[Black "Tang, David"]
[Result "0-1"]
[WhiteElo "977"]
[BlackElo "1205"]
[PlyCount "144"]
[EventDate "2011.07.06"]
[EventType "swiss"]
[EventRounds "7"]
[EventCountry "CAN"]
[SourceTitle "EXT 2022"]
[Source "ChessBase"]
[SourceDate "2021.10.06"]
[SourceVersion "1"]
[SourceVersionDate "2021.10.06"]
[SourceQuality "1"]

1. e4 e5 2. Nf3 Nc6 3. Bb5 d6 4. Bxc6+ bxc6 5. h3 Be7 6. 0-0 Nf6 7. Nc3 h6 8. d4 exd4 9. Nxd4 Ba6 10. Re1 Bb7 11. Qf3 0-0 12. Qg3 Kh8 13. Nf5 Rg8 14. Nxe7 Qxe7 15. e5 Nh7 16. b3 Rae8 17. f4 g5 18. e6 f6 19. Bb2 Rg7 20. Ne4 d5 21. Bxf6 Nxf6 22. Nxf6 Qxf6 23. fxg5 Qxg5 24. Qxg5 Rxg5 25. e7 Rg7 26. Re6 Kh7 27. Rae1 c5 28. c3 d4 29. cxd4 cxd4 30. Kf2 Rxg2+ 31. Kf1 Rxa2 32. Rd1 Ra6 33. Rxa6 Bxa6+ 34. Kf2 d3 35. Ke3 Rxe7+ 36. Kd4 d2 37. Rxd2 Rd7+ 38. Kc3 Rxd2 39. Kxd2 Kg6 40. Ke3 Kg5 41. Kf3 Kh4 42. Kg2 Bc8 43. Kf3 Bxh3 44. Ke4 Bf1 45. Kd5 Bb5 46. Kc5 c6 47. Kd4 Kg4 48. Ke3 c5 49. Kd2 Kf3 50. Ke1 Kg2 51. b4 h5 52. bxc5 h4 53. c6 Bxc6 54. Ke2 h3 55. Kd3 h2 56. Ke2 h1Q 57. Kd2 Qh6+ 58. Ke2 Qf4 59. Kd3 Qe4+ 60. Kc3 Qd5 61. Kb4 Qd1 62. Kc5 Qd5+ 63. Kb4 Qd4+ 64. Kb3 Ba4+ 65. Ka3 Qc4 66. Kb2 Be8 67. Ka3 Qb5 68. Ka2 Kf2 69. Ka3 Ke2 70. Ka2 Kd2 71. Ka3 Kc2 72. Ka2 Qb2# 0-1